000 00639nam a2200253Ia 4500
003 OSt
005 20221007095740.0
006 a|||||r|||| 00| 0
007 ta
008 221006b |||||||| |||| 00| 0 eng d
020 _a0421788208
024 _a2,711
037 _cAnnuals, Advances
040 _aLCO
_cLCO
_beng
041 _2eng
_aeng
082 _aZ3,181, P3
100 _aGower
_918724
245 0 _aPrinciples of Modern Company Law
250 _a7th
260 _aLondon
_bSweet & Maxwell India
_c2003
300 _a897
942 _hZ3,181, P3
_cREF
999 _c1172274
_d1172274